000 01006cam a22002651i 4500
003 SA-RiAUC
005 20250722073956.0
008 250722s1999 su g 000rp ara c
040 _aSA-RiAUC
_bara
_cSA-RiAUC
_erda
050 4 _bH85 1999
082 0 4 _a811.9531
_qSA-RiAUC
090 _a811.9531
_bب و ا
100 1 _aالبواردي، سعد عبد الرحمن،
_d1349 هجري-
_eمؤلف.
245 1 0 _aحلم طفولي /
_cسعد البواردي.
250 _aالطبعة الأولى.
264 1 _aجدة، السعودية :
_bعبد المقصود محمد سعيد خوجة،
_c[1999]
300 _a93 صفحة ؛
_c21 سم.
336 _aنص
_btxt
_2rdacontent
_3كتاب
337 _aبدون وسيط
_bn
_2rdamedia
338 _aمجلد
_bnc
_2rdacarrier
490 0 _aكتاب الأثنينية ؛
_v15
650 7 _aالشعر العربي
_zالسعودية
_yقرن 14 هجري
_2aucsh
942 _2ddc
_cBOOK
_n0
949 _aSA-JeALM
_d250722
_umohamedma123
_n1
999 _c10192
_d10192